|
|
|
|
| LEADER |
00000cam a2200000 7i4500 |
| 001 |
0000052046 |
| 005 |
20150915.0 |
| 008 |
150915 |
| 020 |
|
|
|a 9789670361642
|
| 090 |
0 |
0 |
|a CUS
|b MAL
|
| 100 |
0 |
|
|a Mas Anom Musdar
|
| 245 |
0 |
0 |
|a Hargai alat muzik tradisional kita
|c Mas Anom Musdar
|
| 260 |
|
|
|a Sealngor :
|b UG Press Sdn Bhd ,
|c 2014
|
| 490 |
0 |
|
|a Folk Literature, Malay
|
| 999 |
|
|
|a 0001307921
|b Book
|c Children Collection
|e Cawangan Taman Universiti
|
| 999 |
|
|
|a 0001307922
|b Book
|c Children Collection
|e Cawangan Bandar Penawar
|
| 999 |
|
|
|a 0001307924
|b Book
|c Children Collection
|e Cawangan Bandar Tenggara
|
| 999 |
|
|
|a 0001307926
|b Book
|c Children Collection
|e Cawangan Sri Merlong
|
| 999 |
|
|
|a 0001307929
|b Book
|c Children Collection
|e Cawangan Tangkak
|
| 999 |
|
|
|a 0001307930
|b Book
|c Children Collection
|e Cawangan Bukit Gambir
|
| 999 |
|
|
|a 0001307931
|b Book
|c Children Collection
|e Cawangan Batu Pahat
|
| 999 |
|
|
|a 0001307933
|b Book
|c Children Collection
|e Cawangan Kota Tinggi
|